Arthur of Britain /

Saved in:
Bibliographic Details
Main Author: Chambers, E. K. (Edmund Kerchever), 1866-1954
Format: Book
Language:English
Published: Cambridge : Speculum Historiale, 1964.
Subjects:
LEADER 00865nam a2200229 a 4500
001 c000342689
003 CARM
005 00000000000000.0
008 841113s1964 enk b 00010 eng d
019 1 |a 3473055  |5 LACONCORD2021 
035 |a (OCoLC)328570  |5 LACONCORD2021 
040 |a VGX  |c VGX 
082 1 |a 809.9335  |2 19 
100 1 |a Chambers, E. K.  |q (Edmund Kerchever),  |d 1866-1954 
245 1 0 |a Arthur of Britain /  |c by E.K. Chambers. 
260 |a Cambridge :  |b Speculum Historiale,  |c 1964. 
300 |a vii, 320 p. ;  |c 20 cm. 
504 |a Bibliographical note: p.283-294. 
650 0 |a Arthurian romances  |x History and criticism. 
852 8 |b CARM  |h A1:AO13B0  |i A04553  |p 0407418  |f BK 
999 f f |i d8985fa1-2c0d-5551-9ce3-902ba38ea3c2  |s 99897893-ad0b-54e1-8f17-dccd31a7a1e1 
952 f f |p Can circulate  |a CAVAL  |b CAVAL  |c CAVAL  |d CARM 1 Store  |e A04553  |f A1:AO13B0  |h Other scheme  |i book  |m 0407418